| 000 | 00703 a2200205 4500 | ||
|---|---|---|---|
| 003 | Nust | ||
| 005 | 20230127095126.0 | ||
| 010 | _a 81067630 | ||
| 020 | _a0917386477 (pbk.) : | ||
| 040 | _cNust | ||
| 082 | 0 | 0 | _a658,ROS |
| 100 | 1 |
_aRosen, Betty. _9107847 |
|
| 245 | 1 | 0 |
_aHow to set and achieve goals : _bthe key to successful management / _cby Betty Rosen. |
| 260 |
_aNew York, N.Y. : _bExecutive enterprises Publications Co., _cc1981. |
||
| 300 |
_a79 p. ; _c22 cm. |
||
| 440 | 2 |
_aA Management know-how digest _9107848 |
|
| 505 | _aPart I: Set Goals to Get Results (Page-13), Part II: Pitfalls, Obstacles (Page-49). | ||
| 650 | 0 |
_aManagement by objectives. _9107849 |
|
| 942 |
_2ddc _cBK _k658,ROS |
||
| 999 |
_c185954 _d185954 |
||